00422nam a2200145Ia 4500008004100000020001500041041001200056082001600068100001900084245010600103260002500209300000800234650001900242700001500261221030s9999 xx 000 0 und d a0074631136 aEnglish a105.23bTre aJ. P. Tremblay 0aDiscrete Mathematical Structures with Applicaitons to Computer Sciencecby J. P. Tremblay, R. Manohar bTMHaNew Delhic2000 a606 aBE Mathematics aR. Manohar